000 00561nam a22001697a 4500
003 OSt
005 20260225100704.0
008 260225b |||||||| |||| 00| 0 eng d
040 _cMRSPTU
041 _aEnglish
100 _aSurabhi, Supervisor: Dr. Sanjiv Kumar Aggarwal
245 _aA Comparative Study of Himalayan Engineered Bamboo Mat Board with Conventional Plywood
260 _bDepartment of Civil Engg. MRSPTU, Bathinda
_c2016
650 _aCivil Engineering
856 _uhttp://163.47.215.52:8080/jspui/handle/123456789/294
942 _2ddc
_cTH
_n0
999 _c11005
_d11005